Calciatori italiani nella Squadra della stagione della Champions - Statistics

Statistiche generali
  • Questo quiz è stato fatto 55 volte
  • Il punteggio medio è 7 su 8
Statistiche sulle risposte
Numero apparizioni Edizioni apparizioni Squadra Calciatore % Corretto
2 2014-2015; 2016-2017 Juventus Gianluigi Buffon
94%
2 2014-2015; 2017-2018 Juventus Giorgio Chiellini
90%
1 2020-2021 Chelsea Jorginho
90%
1 2016-2017 Juventus Leonardo Bonucci
90%
1 2014-2015 Juventus Andrea Pirlo
88%
1 2022-2023 Inter Alessandro Bastoni
82%
1 2014-2015 Juventus Claudio Marchisio
80%
1 2022-2023 Inter Federico Dimarco
76%
Nessun quiz corrispondente trovato
Distribuzione punteggi
Percentuale di utenti per punteggio
Percentile per numero di risposta
I tuoi punteggi nel tempo
Non hai fatto questo quiz